[Event "Paris-ch op-B 87th"]
[Site "Paris"]
[Date "2012.07.11"]
[Round "5"]
[White "Hassine, Daniel"]
[Black "Gauthier, Arnaud"]
[Result "1-0"]
[WhiteElo "1991"]
[BlackElo "1913"]
[PlyCount "85"]
[EventDate "2012.07.07"]
[EventType "swiss"]
[EventRounds "9"]
[EventCountry "FRA"]
[SourceTitle "EXT 2013"]
[Source "ChessBase"]
[SourceDate "2012.11.22"]
[SourceVersion "1"]
[SourceVersionDate "2012.11.22"]
[SourceQuality "1"]

1. d4 d6 2. Nf3 Nf6 3. c4 c6 4. g3 g6 5. Nc3 Bg7 6. Bg2 0-0 7. 0-0 Qc7 8. h3 Nbd7 9. e4 e5 10. Re1 a6 11. Be3 b5 12. cxb5 axb5 13. Rc1 Qa5 14. a3 Bb7 15. Nd2 Rfb8 16. Nb3 Qd8 17. dxe5 Nxe5 18. Bf1 d5 19. Bf4 Nh5 20. Bxe5 Bxe5 21. exd5 Bd6 22. Nd4 cxd5 23. Ncxb5 Qb6 24. Nxd6 Qxd6 25. Bg2 Nf6 26. Rc2 Ne4 27. Nf3 Rd8 28. Qd4 Bc6 29. Rec1 Ba4 30. Rc7 Qf6 31. Qxf6 Nxf6 32. Nd4 Ne4 33. Re7 Re8 34. Rcc7 Rxe7 35. Rxe7 Kf8 36. Re5 Rd8 37. Bxe4 dxe4 38. Rxe4 Kg8 39. g4 f5 40. Nxf5 gxf5 41. Rxa4 fxg4 42. hxg4 Rd2 43. Rb4 1-0

[Event "Paris-ch op-A"]
[Site "Paris"]
[Date "2010.07.08"]
[Round "6"]
[White "Hassine, Daniel"]
[Black "Ferre, Sebastien"]
[Result "1-0"]
[WhiteElo "1998"]
[BlackElo "1879"]
[PlyCount "83"]
[EventDate "2010.07.03"]
[EventType "swiss"]
[EventRounds "9"]
[EventCountry "FRA"]
[SourceTitle "CBM 137 Extra"]
[Source "ChessBase"]
[SourceDate "2010.09.01"]
[SourceVersion "1"]
[SourceVersionDate "2010.09.01"]
[SourceQuality "1"]

1. d4 d5 2. Nf3 Nf6 3. c4 c6 4. e3 e6 5. Nc3 Be7 6. Qc2 Nbd7 7. g4 dxc4 8. Bxc4 b5 9. Bd3 Bb7 10. e4 g6 11. e5 Nd5 12. Nxd5 cxd5 13. Qe2 b4 14. Bh6 Qb6 15. Rc1 a5 16. Kf1 Nb8 17. Kg2 Nc6 18. Bb5 Kd7 19. Bg7 Rhc8 20. Bf6 Kd8 21. Bxc6 Rxc6 22. Bxe7+ Kxe7 23. Qe3 Rac8 24. Qg5+ Ke8 25. Rxc6 Rxc6 26. Qf6 Qd8 27. Qh8+ Kd7 28. Qxh7 Qe7 29. Qh8 Rc8 30. Qh6 Rc2 31. Rb1 Ba6 32. Qe3 Re2 33. Qb3 Kd8 34. Rc1 Bc4 35. Qa4 Qc7 36. b3 Bb5 37. Qxb5 Rxf2+ 38. Kxf2 Qxc1 39. Qxa5+ Ke8 40. Qb5+ Kd8 41. Qb8+ Kd7 42. Qxb4 1-0

[Event "Paris-ch op-A"]
[Site "Paris"]
[Date "2010.07.07"]
[Round "5"]
[White "Martin, Axel"]
[Black "Hassine, Daniel"]
[Result "1-0"]
[WhiteElo "1853"]
[BlackElo "1998"]
[PlyCount "69"]
[EventDate "2010.07.03"]
[EventType "swiss"]
[EventRounds "9"]
[EventCountry "FRA"]
[SourceTitle "CBM 137 Extra"]
[Source "ChessBase"]
[SourceDate "2010.09.01"]
[SourceVersion "1"]
[SourceVersionDate "2010.09.01"]
[SourceQuality "1"]

1. e4 e5 2. Nf3 Nf6 3. Nxe5 d6 4. Nf3 Nxe4 5. d4 d5 6. Bd3 Bd6 7. 0-0 0-0 8. c4 c6 9. Nc3 Nxc3 10. bxc3 dxc4 11. Bxc4 Bg4 12. Qd3 Nd7 13. Ng5 Nf6 14. f4 h6 15. Nf3 Bxf3 16. Qxf3 Re8 17. Bd3 Bc7 18. Bd2 Qd5 19. Qxd5 cxd5 20. Rfe1 a6 21. a4 Kf8 22. g3 Rxe1+ 23. Rxe1 Re8 24. Rb1 Rb8 25. Kg2 Ke7 26. Kf3 Kd6 27. c4 dxc4 28. Bxc4 Nd5 29. f5 Kc6 30. Rc1 Bb6 31. Ke4 Re8+ 32. Kd3 Kd6 33. Rb1 Bc7 34. Rxb7 Nb6 35. Bf4+ 1-0

[Event "Paris-ch op-A"]
[Site "Paris"]
[Date "2010.07.05"]
[Round "3"]
[White "Adjem, Mondher"]
[Black "Hassine, Daniel"]
[Result "1/2-1/2"]
[WhiteElo "2110"]
[BlackElo "1998"]
[PlyCount "87"]
[EventDate "2010.07.03"]
[EventType "swiss"]
[EventRounds "9"]
[EventCountry "FRA"]
[SourceTitle "CBM 137 Extra"]
[Source "ChessBase"]
[SourceDate "2010.09.01"]
[SourceVersion "1"]
[SourceVersionDate "2010.09.01"]
[SourceQuality "1"]

1. e4 e5 2. Nf3 Nf6 3. Nc3 Bb4 4. Bc4 Nc6 5. Nd5 Be7 6. d3 d6 7. Nxe7 Qxe7 8. Ng5 0-0 9. h3 h6 10. Nf3 Be6 11. Bb3 d5 12. exd5 Nxd5 13. Qe2 Qf6 14. 0-0 Rfe8 15. Qe4 Rad8 16. Ba4 Nde7 17. Re1 g5 18. Nxe5 Rd4 19. Bxc6 Rxe4 20. Bxe4 Bd5 21. Ng4 Qc6 22. Bxd5 Nxd5 23. Nxh6+ Kh7 24. Bxg5 Kg6 25. c4 Nb4 26. Bd2 Nxd3 27. Rxe8 Qxe8 28. Ng4 Qe2 29. Be3 Qxb2 30. Rd1 f5 31. Rxd3 fxg4 32. Rb3 Qxa2 33. Rxb7 Qa1+ 34. Kh2 Qe5+ 35. Kg1 Qa1+ 36. Kh2 gxh3 37. Kxh3 Qh1+ 38. Kg3 Qa1 39. Rxc7 Qe5+ 40. Bf4 Qc3+ 41. f3 a5 42. Re7 Qxc4 43. Re4 Qd3 44. Re3 1/2-1/2

[Event "Noisy le Grand-A 1st"]
[Site "Noisy le Grand"]
[Date "2008.12.29"]
[Round "4"]
[White "Hassine, Daniel"]
[Black "Silva, Francis"]
[Result "0-1"]
[WhiteElo "2019"]
[BlackElo "2023"]
[PlyCount "106"]
[EventDate "2008.12.26"]
[EventType "tourn"]
[EventRounds "5"]
[EventCountry "FRA"]
[SourceTitle "EXT 2010"]
[Source "ChessBase"]
[SourceDate "2010.11.25"]
[SourceVersion "1"]
[SourceVersionDate "2010.11.25"]
[SourceQuality "1"]

1. d4 Nf6 2. Nf3 g6 3. c4 Bg7 4. g3 0-0 5. Bg2 d6 6. Nc3 Nbd7 7. 0-0 e5 8. e4 h6 9. Re1 exd4 10. Nxd4 Ne5 11. b3 Nfd7 12. f4 Ng4 13. h3 Ngf6 14. Be3 Re8 15. Bf2 Nh7 16. Qc2 g5 17. Rad1 Qf6 18. Nd5 Qd8 19. Nb5 c6 20. Nxd6 cxd5 21. Nxe8 Qxe8 22. exd5 Qd8 23. d6 gxf4 24. gxf4 Rb8 25. Bxa7 Ra8 26. Bd4 Bxd4+ 27. Rxd4 Qb6 28. Re8+ Kg7 29. c5 Nxc5 30. Qf2 Rxa2 31. Qg3+ Kf6 32. Qh4+ Kg7 33. Rxc8 Ne6 34. Qg3+ Kf6 35. Qe3 Qxd4 36. Qxd4+ Nxd4 37. d7 Ne6 38. d8Q+ Nxd8 39. Rxd8 Ke7 40. Rh8 Nf6 41. Bxb7 Rb2 42. Rxh6 Rxb3 43. Ba6 Rb1+ 44. Kf2 Rb6 45. Bd3 Ne4+ 46. Bxe4 Rxh6 47. Kg3 Ke6 48. h4 f5 49. Bc2 Rg6+ 50. Kf3 Rg4 51. h5 Rh4 52. Bb3+ Kf6 53. Ke3 Rh3+ 0-1

[Event "Noisy le Grand-A 1st"]
[Site "Noisy le Grand"]
[Date "2008.12.26"]
[Round "1"]
[White "Hassine, Daniel"]
[Black "Thely, Ludovic"]
[Result "0-1"]
[WhiteElo "2019"]
[BlackElo "2133"]
[PlyCount "70"]
[EventDate "2008.12.26"]
[EventType "tourn"]
[EventRounds "5"]
[EventCountry "FRA"]
[SourceTitle "EXT 2010"]
[Source "ChessBase"]
[SourceDate "2010.11.25"]
[SourceVersion "1"]
[SourceVersionDate "2010.11.25"]
[SourceQuality "1"]

1. d4 Nf6 2. Nf3 g6 3. c4 Bg7 4. g3 0-0 5. Bg2 d6 6. Nc3 Nc6 7. d5 Na5 8. Nd2 c5 9. Rb1 a6 10. b3 Rb8 11. Bb2 b5 12. 0-0 bxc4 13. bxc4 Nd7 14. Qc2 Ne5 15. Nd1 Bg4 16. f3 Bd7 17. f4 Rxb2 18. Nxb2 Ng4 19. Nd1 Bd4+ 20. Kh1 e6 21. h3 Nh6 22. e3 Bg7 23. dxe6 fxe6 24. g4 Nc6 25. Ne4 e5 26. Nxd6 exf4 27. Bd5+ Kh8 28. Rxf4 Rxf4 29. exf4 Qh4 30. Qg2 Bd4 31. Nb2 Nxg4 32. Nd3 Ne3 33. Rb7 Nxg2 34. Bxg2 Bxh3 35. Nf7+ Kg8 0-1

[Event "Paris Apsap op 102nd"]
[Site "Paris"]
[Date "2008.08.10"]
[Round "7"]
[White "Hassine, Daniel"]
[Black "Gidel, Jean Louis"]
[Result "0-1"]
[WhiteElo "2031"]
[BlackElo "2158"]
[PlyCount "130"]
[EventDate "2008.07.26"]
[EventType "swiss"]
[EventRounds "9"]
[EventCountry "FRA"]
[SourceTitle "EXT 2010"]
[Source "ChessBase"]
[SourceDate "2010.11.25"]
[SourceVersion "1"]
[SourceVersionDate "2010.11.25"]
[SourceQuality "1"]

1. d4 g6 2. Nf3 Bg7 3. g3 d5 4. Bg2 Nf6 5. c4 c6 6. cxd5 cxd5 7. Nc3 0-0 8. Ne5 e6 9. 0-0 Nbd7 10. f4 Nb6 11. a4 Bd7 12. b3 Nc8 13. Ba3 Re8 14. Rc1 Ne7 15. Qd3 h5 16. Nxd7 Qxd7 17. e3 a6 18. Bxe7 Qxe7 19. Rf2 Qb4 20. Na2 Qb6 21. h3 Bf8 22. b4 Rec8 23. Rfc2 Qd8 24. Bf3 Qd7 25. Qb3 Ne8 26. Nc3 Rc4 27. Na2 Nd6 28. Be2 Rxc2 29. Rxc2 Rc8 30. Bd3 Rxc2 31. Qxc2 Kg7 32. Kf2 b5 33. axb5 axb5 34. g4 hxg4 35. hxg4 Be7 36. Kf3 Nc4 37. g5 Qe8 38. Qh2 Kg8 39. Qc2 Qa8 40. Bxg6 Qa3 41. Bh7+ Kf8 42. Bd3 Bxb4 43. Nxb4 Qxb4 44. Qh2 Ke8 45. g6 fxg6 46. Bxg6+ Kd7 47. Qh7+ Qe7 48. Qxe7+ Kxe7 49. Ke2 Nd6 50. Kd3 Kf6 51. Bh5 Kf5 52. Bf3 b4 53. Bd1 Ne4 54. Ba4 Nf6 55. Ke2 Kg4 56. Kd3 Kf3 57. Bd1+ Kf2 58. Ba4 Kf3 59. Bd1+ Kg3 60. Ba4 Kg4 61. Bd1+ Kf5 62. Ba4 Ne4 63. Bd7 b3 64. Ba4 b2 65. Kc2 b1Q+ 0-1

[Event "Paris-ch"]
[Site "Paris"]
[Date "2006.07.12"]
[Round "1"]
[White "Baron, Thierry"]
[Black "Hassine, Daniel"]
[Result "1-0"]
[WhiteElo "2219"]
[BlackElo "1975"]
[PlyCount "75"]
[EventDate "2006.07.08"]
[EventType "swiss"]
[EventRounds "9"]
[EventCountry "FRA"]
[SourceTitle "EXT 2007"]
[Source "ChessBase"]
[SourceDate "2006.11.23"]
[SourceVersion "1"]
[SourceVersionDate "2006.11.23"]
[SourceQuality "1"]

1. e4 d5 2. exd5 Nf6 3. Bb5+ Bd7 4. Bc4 Bg4 5. f3 Bf5 6. Nc3 c6 7. dxc6 Nxc6 8. Nge2 e5 9. d3 Bc5 10. Ng3 Be6 11. Bxe6 fxe6 12. Nge4 Nxe4 13. Nxe4 Bb6 14. Bg5 Qd4 15. c3 Qd5 16. Qe2 0-0 17. Be3 Bxe3 18. Qxe3 Rfd8 19. Nf2 b5 20. a3 a5 21. 0-0 b4 22. axb4 axb4 23. Rfd1 Qb3 24. Qd2 bxc3 25. bxc3 Qd5 26. Ne4 h6 27. Rab1 Ra2 28. Rb2 Rxb2 29. Qxb2 Rb8 30. Qa3 Rb3 31. Qa4 Rb2 32. Qc4 Rc2 33. Ra1 Na5 34. Qa6 Nb3 35. Qc8+ Kh7 36. Nf6+ gxf6 37. Ra7+ Kg6 38. Qg8+ 1-0